000 00481nam a2200169Ia 4500
003 GCL
008 140319s9999 xx 000 0 ara d
040 _aGCL /
_cGCL
082 0 4 _a370.1
_bم ت
100 1 _aمحمد لبيب النجيحى
245 1 0 _aالتربية : اصولها الفلسفية والنظرية /
_cمحمد لبيب النجيحى
490 _a
650 0 4 _aالفلسفة
650 0 4 _aالتعليم
650 0 4 _aالتربية
942 _2ddc
_cBK
999 _c39802
_d39802